000 00363nam a22001217a 4500
008 190313b xxu||||| |||| 00| 0 eng d
041 _aeng
080 _a043.3
100 _a0
101 _aMEK-BA
245 _aAnalizimi i prodhimit të energjisë me erë në territorin e Kosovës dhe impakti i tyre në sistemet elektroenergjetike
_cBresa,A
942 _2udc
_cBK
999 _c54751
_d54751